[Event "35th European Club Cup 2019"]
[Site "Ulcinj"]
[Date "2019.11.10"]
[Round "1.1"]
[White "Pruijssers, Roeland"]
[Black "Andreikin, Dmitry"]
[Result "1/2-1/2"]
[WhiteElo "2557"]
[BlackElo "2733"]
[Annotator "TA"]
[PlyCount "62"]
[EventDate "2019.11.10"]
[EventType "team-tourn"]
[EventCountry "MNE"]
[SourceTitle "playchess.com"]
[Source "ChessBase"]
[SourceQuality "1"]
[WhiteTeam "Echiquier Mosan"]
[BlackTeam "Alkaloid"]

{[%evp 21,62,0,6,-8,-8,-3,0,0,0,-1,-1,-10,-7,-6,0,0,0,0,0,0,6,6,4,0,0,0,0,0,0,0,0,0,0,0,0,0,0,0,0,0,0,0,0]} 1. e4 e5 2. Nf3 Nc6 3. Nc3 Nf6 4. d4 exd4 5. Nxd4 Bb4 6. Nxc6 bxc6 7. Bd3 O-O 8. O-O d5 9. exd5 cxd5 10. Bg5 c6 11. Qf3 Rb8 {The position is equal.} 12. Ne2 {C47: Scotch Four Knights and Four Knights with 4 g3} (12. Bxf6 {keeps more tension.} Qxf6 13. Qxf6 gxf6 14. Ne2 Be6 15. Rab1) (12. Rad1 Bg4 13. Qxg4 Nxg4 14. Bxd8 Rfxd8 15. Na4 Bd6 16. h3 Ne5 17. Rfe1 g6 18. Bf1 Re8 19. b3 Bb4 {1-0 (42) Karjakin,S (2748)-Kramnik,V (2753) Moscow 2019}) 12... Bg4 13. Bxf6 {[#] Threatens to win with Bxh7+!} Bxf3 14. Bxd8 {And now Bc7 would win.} Bxe2 $1 15. Bxe2 {Bg5 is the strong threat.} Rfxd8 16. Rad1 {[#]} Re8 $146 ({Predecessor:} 16... Bc5 17. b3 Rd6 18. c4 Rbd8 19. cxd5 Rxd5 20. Rxd5 Rxd5 {½-½ (35) Ni,S (2427)-Lei,T (2530) Tianjin 2018}) 17. Bd3 Ba5 18. Rb1 g6 19. g3 Re7 20. c3 c5 21. Rfc1 Reb7 22. b3 c4 23. bxc4 {aiming for Rxb7.} Rxb1 24. Rxb1 Rxb1+ 25. Bxb1 dxc4 $11 {[%mdl 4096] Endgame KB-KB} 26. Be4 Bxc3 27. Bd5 Kg7 28. Bxc4 f5 29. f4 Bd4+ 30. Kg2 h6 31. h3 Bb6 {Accuracy: White = 76%, Black = 76%.} 1/2-1/2

[Event "35th European Club Cup 2019"]
[Site "Ulcinj"]
[Date "2019.11.10"]
[Round "1.1"]
[White "Ahlander, Bjorn"]
[Black "Dreev, Aleksey"]
[Result "0-1"]
[WhiteElo "2414"]
[BlackElo "2671"]
[Annotator "TA"]
[PlyCount "114"]
[EventDate "2019.11.10"]
[EventType "team-tourn"]
[EventCountry "MNE"]
[SourceTitle "playchess.com"]
[Source "ChessBase"]
[SourceQuality "1"]
[WhiteTeam "Lunds ASK"]
[BlackTeam "Moscow Chess Team"]

{[%evp 17,114,29,44,13,21,23,16,16,25,26,16,15,29,24,19,0,12,0,16,14,26,19,48,-16,-14,-33,21,-28,-29,-68,-11,-8,-10,-18,-21,-24,-37,-34,-16,-22,-16,-17,-19,-22,0,-87,0,-120,-122,-114,-124,-125,-43,-35,-37,-107,-102,-170,-162,-178,-169,-160,-178,-167,-159,-187,-163,-208,-183,-238,-260,-233,-261,-358,-329,-318,-307,-286,-273,-429,-415,-555,-515,-582,-550,-6394,-6335,-5604,-4684,-29936,-12265,-29974,-29975,-29975,-29976,-29976,-29977,-29973,-29963]} 1. d4 Nf6 2. c4 e6 3. Nc3 d5 4. Nf3 Nbd7 5. Bg5 c6 6. e3 Qa5 7. Nd2 Bb4 8. Qc2 O-O 9. Be2 c5 10. Bf4 {D52: Queen's Gambit Declined: Cambridge Springs Variation} cxd4 11. exd4 Bxc3 12. bxc3 {The position is equal.} Re8 13. O-O e5 14. Be3 Qc7 15. Qb3 dxc4 (15... exd4 16. cxd4 dxc4 17. Nxc4 Nb6 18. Nxb6 Qxb6 {½-½ (30) Anton Guijarro,D (2646)-Dreev,A (2653) Havana 2018}) 16. Nxc4 b6 17. Qa3 $146 ({Predecessor:} 17. Rad1 Bb7 18. dxe5 Nxe5 {½-½ (32) Moormann,J (2300)-Collazo,F (2288) LSS email 2013}) 17... Nd5 18. Rac1 Re6 19. Rfe1 Bb7 20. Nd2 (20. Bd2 $14) 20... Rae8 21. Bf3 f5 ({Black should play} 21... N7f6 $15) 22. c4 (22. Bg5 {looks sharper.} h6 23. c4 N5f6 24. Bxf6 Bxf3 25. Bxe5 Nxe5 26. Rxe5 Rxe5 27. dxe5 Bb7 28. f4) 22... Nxe3 23. Bxb7 {[#] Bd5 is the strong threat.} Qxb7 (23... exd4 $15 24. Bd5 Nxd5 {[%mdl 64] Discovered Attack} 25. Rxe6 Rxe6 26. cxd5 Qd6 27. Rc8+ Nf8) 24. Rxe3 $11 exd4 25. Rxe6 Rxe6 26. Qd3 Nc5 27. Qxd4 h6 28. Nb3 Qe7 29. Qd5 {Hoping for Nd4.} Kh8 $40 {[%mdl 128] ( -> ...Re1+). Black mounts an attack.} 30. Kf1 Rd6 31. Qf3 {[#]} (31. Qxf5 $11 {remains equal.} Nd3 32. Rd1) 31... Nd3 (31... Ne4 $1 $17 {aiming for ...Rd2!} 32. Re1 Qd7) 32. Rb1 (32. Rd1 $11 {was the only way to keep the balance.} Nb4 33. Rxd6 Qxd6 34. g3) 32... Qe6 $17 33. Kg1 Qxc4 34. Rd1 Qe4 (34... Rd5 $17 35. g3 a5) 35. Qxe4 $15 fxe4 {[%mdl 4096] Endgame KRN-KRN} 36. Kf1 (36. f3 $15) 36... Kh7 $17 37. Nc1 (37. f3 $17) 37... Kg6 $19 38. g3 Rd5 39. Ke2 {[%cal Rc1d3]} Nxc1+ 40. Rxc1 $17 {KR-KR} Ra5 41. Rc2 Kf5 42. h3 Ra3 43. Kd2 (43. Rb2 {is a better defense.}) 43... g5 $19 44. Ke2 h5 45. Kf1 h4 46. Kg2 hxg3 47. fxg3 e3 48. Rb2 (48. Kf1 {was worth a try.}) 48... Ke4 49. Rb4+ Kd3 50. Rb2 Ra5 {Threatens to win with ...e2.} 51. Kf1 Rf5+ 52. Ke1 Ke4 53. g4 Rd5 54. a4 Kf3 {Black mates.} 55. Rb3 Rc5 {[%cal Rc5c1]} 56. Kd1 Kf2 57. Rb2+ Kf1 {Accuracy: White = 30%, Black = 67%.} 0-1

[Event "35th European Club Cup 2019"]
[Site "Ulcinj"]
[Date "2019.11.10"]
[Round "1.2"]
[White "Shankland, Sam"]
[Black "Burg, Twan"]
[Result "1-0"]
[WhiteElo "2679"]
[BlackElo "2536"]
[Annotator "TA"]
[PlyCount "63"]
[EventDate "2019.11.10"]
[EventType "team-tourn"]
[EventCountry "MNE"]
[SourceTitle "playchess.com"]
[Source "ChessBase"]
[SourceQuality "1"]
[WhiteTeam "Alkaloid"]
[BlackTeam "Echiquier Mosan"]

{[%evp 11,62,4,21,10,6,14,32,4,0,-4,17,19,27,15,43,50,112,101,110,111,146,146,136,136,150,95,137,138,138,138,148,135,152,129,132,130,142,133,138,128,150,151,154,141,183,183,186,146,234,235,421,422,29999]} 1. c4 e5 2. g3 Nf6 3. Bg2 d5 4. cxd5 Nxd5 5. Nf3 Nc6 6. O-O Nb6 7. b3 {A20: English Opening: 1...e5} Be7 {Threatening ...e4.} 8. Bb2 f6 9. Nc3 {White is slightly better.} O-O 10. Qc1 $146 ({Predecessor:} 10. d4 Nxd4 11. Nxd4 exd4 12. Nb5 d3 13. Nd4 c5 14. Nb5 Bf5 {½-½ (23) Hammer,J (2621)-Adams,M (2747) Moscow 2017}) 10... f5 11. Rd1 Be6 12. d3 a5 13. Qe3 Bf6 {[#]} (13... Qd6 $14) 14. Nxe5 $1 $16 {[%mdl 512]} Bxe5 (14... Nxe5 15. d4) 15. Bxc6 bxc6 16. Qxe5 Qd7 17. Qf4 a4 18. Ba3 ({White should try} 18. Nxa4 {And now Nc5 would win.} Nxa4 19. bxa4) 18... Rf7 19. bxa4 h6 20. Rdc1 Nd5 {[#]} 21. Nxd5 $1 cxd5 22. Bb2 Rxa4 {[#]} 23. Bd4 $1 Kh7 24. Rc3 c6 25. a3 Re7 26. Rac1 {[%cal Ba1c1,Bc1b1,Bb1b7,Bb7g7][%mdl 32]} Ra6 27. h4 Re8 28. Rb1 Qf7 29. Qd6 f4 (29... Qe7 $16 {might work better.} 30. Qf4 Rc8) 30. Qxf4 $18 ({Don't play} 30. Rxc6 $6 Rxc6 31. Qxc6 fxg3 $16) 30... Qh5 $2 {[#]} (30... Re7 31. Qxf7 Bxf7) 31. Rb7 $1 Kg6 (31... Rg8 $18 32. f3 Qe8) 32. Rxg7# {Accuracy: White = 82%, Black = 42%.} 1-0

[Event "35th European Club Cup 2019"]
[Site "Ulcinj"]
[Date "2019.11.10"]
[Round "1.2"]
[White "Zvjaginsev, Vadim"]
[Black "Dragicevic, Drazen"]
[Result "1-0"]
[WhiteElo "2626"]
[BlackElo "2332"]
[Annotator "TA"]
[PlyCount "65"]
[EventDate "2019.11.10"]
[EventType "team-tourn"]
[EventCountry "MNE"]
[SourceTitle "playchess.com"]
[Source "ChessBase"]
[SourceQuality "1"]
[WhiteTeam "Moscow Chess Team"]
[BlackTeam "Lunds ASK"]

{[%evp 10,81,12,0,36,35,44,36,34,36,45,37,54,62,58,47,56,48,68,33,45,6,15,10,70,81,92,68,77,65,141,129,123,116,129,137,141,123,135,117,187,188,188,165,160,147,145,122,115,122,161,172,200,200,176,122,300,294,301,300,295,290,336,299,346,339,479,470,484,453,641,640,2335,1914]} 1. e4 c5 2. Nf3 Nc6 3. Bb5 g6 4. O-O Bg7 5. Nc3 Nd4 6. Ba4 a6 {B31: Sicilian: 2...Nc6 3 Bb5 g6} 7. Nxd4 cxd4 8. Ne2 e6 {White is slightly better.} 9. c3 dxc3 10. dxc3 Ne7 (10... b5 11. Bc2 Bb7 12. Qd6 Ne7 13. Rd1 Bc6 14. a4 bxa4 15. Bxa4 {1-0 (31) Wei,Y (2736)-Praggnanandhaa,R (2536) chess.com INT 2019}) 11. Qd6 Qa5 $146 ({Predecessor:} 11... O-O 12. Rd1 b5 13. Bb3 {0-1 (42) Danielyan,V (2317)-Shanya,M (1980) Poti 2018}) 12. Bc2 Be5 13. Qd3 d5 14. Bh6 Bd7 15. Qe3 dxe4 16. Bxe4 Bc6 (16... O-O-O $11) 17. Bxc6+ $14 Nxc6 18. Rfd1 Ne7 19. Ng3 Nf5 (19... Bxg3 $1 $14 20. Qxg3 (20. Qd4 Bxf2+ 21. Kxf2 f6 $14) 20... Nf5) 20. Nxf5 $16 gxf5 21. Bf4 Bxf4 22. Qxf4 Rg8 23. Qh4 Qe5 24. Rd4 {aiming for Rad1.} Qg7 (24... Rg4 $16 25. Qxh7 (25. Rxg4 fxg4 26. Qxg4 Rd8 $16) 25... Rxd4 26. cxd4 Qd6) 25. g3 $18 h6 26. Qf4 Qf6 27. Qf3 $40 {[%mdl 128] White goes for the king.} Rb8 28. Rad1 Kf8 29. Rd7 b6 30. Ra7 a5 31. Rdd7 Kg7 {[#]} 32. Qe3 (32. Qf4 $1 $18) 32... Rgd8 $2 (32... Rgf8 $16) 33. Re7 {Played: Rd7xf7} 1-0

[Event "35th European Club Cup 2019"]
[Site "Ulcinj"]
[Date "2019.11.10"]
[Round "1.3"]
[White "Beerdsen, Thomas"]
[Black "Inarkiev, Ernesto"]
[Result "1/2-1/2"]
[WhiteElo "2468"]
[BlackElo "2665"]
[Annotator "TA"]
[PlyCount "86"]
[EventDate "2019.11.10"]
[EventType "team-tourn"]
[EventCountry "MNE"]
[SourceTitle "playchess.com"]
[Source "ChessBase"]
[SourceQuality "1"]
[WhiteTeam "Echiquier Mosan"]
[BlackTeam "Alkaloid"]

{[%evp 13,86,16,20,3,8,0,0,-5,0,-16,8,4,17,0,0,-9,-5,-98,-72,-85,-66,-71,-75,-95,-31,-96,-56,-72,-66,-108,-54,-53,-36,-36,-39,-44,-42,-50,-40,-54,-11,-7,9,9,9,9,46,46,46,55,33,9,12,8,8,9,10,14,12,0,0,0,0,0,0,0,0,0,0,0,0,0,0,0,0]} 1. e4 e5 2. Nf3 Nc6 3. Bc4 Nf6 4. d3 Bc5 5. c3 d6 6. Bg5 h6 7. Bh4 a6 8. a4 {C54: Giuoco Piano: 4 c3 Nf6, main lines with 5 d4 and 5 d3} Ba7 9. O-O g5 10. Bg3 Ne7 11. Re1 $146 ({Predecessor:} 11. d4 Nxe4 12. Nxe5 O-O 13. Nxf7 Rxf7 14. Bxf7+ Kxf7 {0-1 (51) Mamedov,R (2655)-Caruana,F (2804) Shamkir 2016}) 11... Ng6 (11... g4 $5 {[%cal Rg4f3]} 12. Nh4 Nc6 $11) 12. d4 {[%cal Rd4e5]} g4 13. Nh4 {Strongly threatening Nxg6.} Nh5 14. Nf5 Nxg3 15. hxg3 (15. fxg3 $11 {remains equal.} exd4 16. cxd4) 15... h5 $1 $17 16. Nd2 Qg5 17. Qb3 {[#]} Rh7 $1 18. Nf1 Rb8 (18... h4 $17) 19. N1e3 {[#]} (19. Rad1 $15) 19... h4 $1 20. Qd1 hxg3 21. Qxg4 Qxg4 ({Black should try} 21... Qf6 $17 22. Qxg3 Qh8) 22. Nxg4 $15 {Threatens to win with Nf6+.} Kf8 23. Rad1 exd4 24. cxd4 Bxf5 25. exf5 Rh4 26. Re4 gxf2+ (26... Ne5 $5 27. Be2 (27. dxe5 gxf2+ 28. Kf1 Rh1+ 29. Ke2 Rxd1 $17) (27. Nxe5 Rxe4 28. Nd7+ {[%mdl 64] Double Attack} Ke7 $17) 27... Nxg4 28. Bxg4 gxf2+ 29. Kxf2 d5 $15) 27. Kxf2 {And now Kg3 would win.} Ne5 $132 {[%mdl 2048] Black is fighting back} 28. Nxe5 Rxe4 29. Nd7+ {[%mdl 64] Double Attack} Kg7 30. f6+ Kh6 31. Nxb8 Bxb8 $14 {[%mdl 4096] Endgame KRB-KRB} 32. Bd5 Rf4+ {The position is equal.} 33. Ke3 Kg5 34. Bxb7 a5 35. Bd5 Rxf6 36. Rc1 c5 37. dxc5 Ba7 38. Ke2 {c6 is the strong threat.} (38. b3 {feels hotter.} Bxc5+ 39. Kd2 Rf5 40. Bf3 Re5 41. Kc3) 38... Bxc5 39. Rf1 Rxf1 40. Kxf1 f6 41. Ke2 Kf4 42. Kd3 Ke5 43. Kc4 Bb4 {Accuracy: White = 53%, Black = 75%.} 1/2-1/2

[Event "35th European Club Cup 2019"]
[Site "Ulcinj"]
[Date "2019.11.10"]
[Round "1.3"]
[White "Mauritsson, Sebastian"]
[Black "Grachev, Boris"]
[Result "0-1"]
[WhiteElo "2362"]
[BlackElo "2608"]
[Annotator "TA RC"]
[PlyCount "38"]
[EventDate "2019.11.10"]
[EventType "team-tourn"]
[EventCountry "MNE"]
[SourceTitle "playchess.com"]
[Source "ChessBase"]
[SourceQuality "1"]
[WhiteTeam "Lunds ASK"]
[BlackTeam "Moscow Chess Team"]

{[%evp 12,112,39,40,37,26,29,30,41,37,43,6,17,8,12,0,0,-5,-14,-40,-40,-30,0,0,0,-8,-11,-7,0,0,14,22,52,0,50,53,71,37,39,30,29,0,0,-8,0,-7,0,0,0,0,-9,0,-13,0,45,0,0,-6,-10,-6,0,-25,-7,-70,-54,-42,-46,-80,-64,-67,-61,-74,-74,-127,-125,-129,-113,-117,-114,-137,-142,-119,-121,-125,-124,-137,-109,-465,-470,-576,-560,-2239,-1643,-29979,-29980,-29981,-29982,-29985,-29986,-29986,-29986,-29986,-29987]} 1. e4 c5 2. Nf3 e6 3. d4 cxd4 4. Nxd4 Nf6 5. Nc3 Nc6 6. Ndb5 Bc5 7. Bf4 {Hoping for Nc7+.} O-O {B45: Sicilian Four Knights} 8. Bc7 Qe7 9. Bd6 $1 {[%cal Rd6e7]} Bxd6 {White has an edge.} 10. Qxd6 Qd8 11. Qg3 (11. O-O-O a6 12. Nd4 Ne7 13. h4 b5 14. h5 Ne8 15. Qb4 Bb7 {½-½ (65) Sarana,A (2655)-Dreev,A (2662) Izhevsk 2019}) 11... d5 12. O-O-O $146 ({Predecessor:} 12. exd5 exd5 13. O-O-O {0-1 (32) Stefanov,E (2007)-Karakehajov,K (2494) Sunny Beach 2013}) 12... a6 13. exd5 exd5 14. Nc7 Nh5 $1 {[%cal Rh5g3]} 15. Qf3 Qxc7 16. Qxh5 Qf4+ {[%mdl 64] Double Attack} 17. Rd2 $1 g6 18. Qd1 d4 19. Ne2 Qf6 {Played: Qf4-g5} 0-1

[Event "35th European Club Cup 2019"]
[Site "Ulcinj"]
[Date "2019.11.10"]
[Round "1.4"]
[White "Kryvoruchko, Yuriy"]
[Black "Umudova, Nargiz"]
[Result "1-0"]
[WhiteElo "2683"]
[BlackElo "2270"]
[Annotator "TA"]
[PlyCount "57"]
[EventDate "2019.11.10"]
[EventType "team-tourn"]
[EventCountry "MNE"]
[SourceTitle "playchess.com"]
[Source "ChessBase"]
[SourceQuality "1"]
[WhiteTeam "Alkaloid"]
[BlackTeam "Echiquier Mosan"]

{[%evp 11,57,22,26,18,19,24,31,22,22,12,18,0,4,0,53,50,101,12,380,356,477,472,707,705,692,672,641,599,1711,1712,1958,1958,1957,1951,1936,1919,1860,1861,1693,1677,29951,12848,29992,29993,29993,29993,29994,2694]} 1. e4 c6 2. d4 d5 3. e5 c5 4. Nf3 Nc6 5. dxc5 Bg4 6. Bb5 Qa5+ 7. Nc3 {B12: Caro-Kann: Advance Variation} e6 8. Bd2 Qc7 9. b4 {White is slightly better.} a5 10. a3 Bxf3 $1 11. gxf3 {Black should prevent f4.} Qxe5+ 12. Qe2 Qf6 ({Better is} 12... Qh5 $11) (12... Qxe2+ 13. Kxe2 Nge7 14. Na4 O-O-O 15. Bxc6 Nxc6 {½-½ (28) Pijpers,A (2453)-Nabaty,T (2690) Batumi 2018}) 13. Rb1 $1 $36 {[%cal Ba1b1,Bb1b7,Bb7b6,Bb6c6][%mdl 2080] Hoping for Nxd5. White has good play.} Nge7 $146 (13... Qd8 $14) ({Predecessor:} 13... Kd8 14. Bxc6 bxc6 {1-0 (62) Slawinski,T (2369)-De Toledo,C (2331) ICCF email 2014}) 14. bxa5 (14. Bxc6+ $16 bxc6 15. bxa5) 14... Rd8 $2 {[%mdl 8192]} (14... Kd8 $11 {and Black is okay.}) 15. Ba4 $18 Nf5 16. Rxb7 Nfd4 (16... Bxc5 $142 17. Bxc6+ Kf8) 17. Bxc6+ {[%mdl 64] Overworked Piece} Nxc6 {[#]} 18. Qb5 $1 Rc8 {intending ...Be7.} 19. Rb6 Qxf3 20. Rxc6 Qxh1+ {[#]} 21. Ke2 $1 {[%mdl 512] Threatening mate with Rc7+.} Rxc6 22. Qxc6+ Ke7 23. Qc7+ Kf6 24. Qf4+ Ke7 25. a6 {aiming for a7.} d4 26. Ne4 Qb1 27. Qc7+ {White mates.} Ke8 28. Qc8+ Ke7 29. Qb7+ {Accuracy: White = 90%, Black = 30%.} (29. c6 $142 Qb5+ 30. Kd1 Qb1+ 31. Bc1 Qxc2+ {[%mdl 64] Remove Defender} 32. Kxc2 d3+ 33. Kxd3 h6 34. Qd7#) 1-0

[Event "35th European Club Cup 2019"]
[Site "Ulcinj"]
[Date "2019.11.10"]
[Round "1.4"]
[White "Popov, Ivan"]
[Black "Jogstad, Martin"]
[Result "1-0"]
[WhiteElo "2625"]
[BlackElo "2305"]
[Annotator "TA"]
[PlyCount "43"]
[EventDate "2019.11.10"]
[EventType "team-tourn"]
[EventCountry "MNE"]
[SourceTitle "playchess.com"]
[Source "ChessBase"]
[SourceQuality "1"]
[WhiteTeam "Moscow Chess Team"]
[BlackTeam "Lunds ASK"]

{[%evp 11,63,34,50,30,31,25,55,55,40,30,20,16,129,122,131,122,164,153,169,152,327,324,332,309,306,320,816,808,808,660,1045,1004,950,826,879,901,887,885,900,838,1149,1088,1545,1537,1541,1458,1342,1310,1335,1299,1270,1221,29986,29987]} 1. e4 c5 2. Nf3 e6 3. d4 cxd4 4. Nxd4 Nc6 5. Nc3 Qc7 6. Be3 a6 7. Qf3 {B48: Sicilian: Taimanov: 5 Nc3 Qc7 6 Be3 a6 without Be2} Nf6 (7... Ne5 8. Qg3 h5 9. Bg5 f6 10. Bf4 Ne7 11. O-O-O Kf7 12. Bxe5 Qxe5 13. f4 h4 14. Qe3 Qc7 {1-0 (35) Ding,L (2811)-Shankland,S (2705) chess.com INT 2019}) 8. O-O-O Ne5 9. Qg3 {White is slightly better.} b5 {With the idea ...b4.} 10. a3 Bb7 11. Bxb5 axb5 (11... Rc8 $1 $11) 12. Ndxb5 $16 Qb8 13. Bb6 $1 $36 {[%mdl 3072] White has strong compensation. White is really pushing.} Nc4 {Strongly threatening ...Qxg3.} 14. Bc7 Qc8 {[#]} 15. Rd4 $146 {[%cal Rd4c4,Bd1d4,Bd4f4,Bf4h4][%mdl 32]} Na5 $2 (15... Nxb2 $16 16. Kxb2 Nxe4 17. Nxe4 Bxe4) 16. Nd6+ $18 Bxd6 17. Bxd6 Rg8 {[#]} 18. e5 $1 {[%cal Re5f6]} Nc6 $2 (18... Nd5) 19. exf6 Qd8 20. Rf4 g6 21. Nb5 Qb6 22. a4 {Played: Nb5-c7} 1-0

[Event "35th European Club Cup 2019"]
[Site "Ulcinj"]
[Date "2019.11.10"]
[Round "1.4"]
[White "Lavendelis, Egons"]
[Black "Smith, Axel"]
[Result "1/2-1/2"]
[WhiteElo "2289"]
[BlackElo "2465"]
[Annotator "ChessBase"]
[PlyCount "70"]
[EventDate "2019.11.10"]
[EventType "team-tourn"]
[EventCountry "MNE"]
[SourceTitle "playchess.com"]
[Source "ChessBase"]
[SourceQuality "1"]
[WhiteTeam "Wasa SK"]
[BlackTeam "Koge SK"]
[TimeControl "40/5400+30:1800+30"]

1. Nf3 d5 {[%emt 0:03:49]} 2. g3 g6 {[%emt 0:00:30]} 3. Bg2 {[%emt 0:00:48]} Bg7 {[%emt 0:00:02]} 4. d4 {[%emt 0:00:15]} Nf6 {[%emt 0:01:38]} 5. O-O {[%emt 0:03:20]} c6 {[%emt 0:00:39]} 6. Nbd2 {[%emt 0:04:35]} O-O {[%emt 0:01:34]} 7. b3 {[%emt 0:03:47]} a5 {[%emt 0:03:20]} 8. a4 {[%emt 0:06:58]} Ne4 {[%emt 0:12:00]} 9. Bb2 {[%emt 0:02:24]} Bf5 {[%emt 0:00:10]} 10. Nh4 {[%emt 0:06:19]} Nxd2 {[%emt 0:05:00]} 11. Qxd2 {[%emt 0:03:38]} Be6 {[%emt 0:00:14]} 12. f4 {[%emt 0:01:18]} f5 {[%emt 0:01:33]} 13. Nf3 {[%emt 0:05:52]} Nd7 {[%emt 0:00:49]} 14. Ng5 {[%emt 0:04:08]} Bf7 {[%emt 0:01:38]} 15. c4 {[%emt 0:01:28]} e6 {[%emt 0:04:36]} 16. e3 {[%emt 0:06:49]} h6 {[%emt 0:05:00]} 17. Nf3 {[%emt 0:06:37]} Qb6 {[%emt 0:11:49]} 18. c5 {[%emt 0:03:42]} Qc7 {[%emt 0:01:35]} 19. Ba3 {[%emt 0:04:32]} Rfb8 {[%emt 0:01:24]} 20. Rfc1 {[%emt 0:09:39]} b6 {[%emt 0:11:05]} 21. cxb6 Rxb6 {[%emt 0:00:25]} 22. b4 {[%emt 0:03:41]} axb4 {[%emt 0:07:14]} 23. Bxb4 {[%emt 0:01:35]} Rba6 {[%emt 0:10:41]} 24. Bf1 {[%emt 0:07:09]} Rxa4 {[%emt 0:03:53]} 25. Rxa4 {[%emt 0:00:02]} Rxa4 {[%emt 0:00:06]} 26. Bb5 Ra8 {[%emt 0:00:56]} 27. Bxc6 {[%emt 0:00:39]} Rc8 {[%emt 0:00:24]} 28. Ba3 {[%emt 0:00:14]} Qa7 {[%emt 0:02:29]} 29. Bxd7 {[%emt 0:01:34]} Rxc1+ {[%emt 0:02:05]} 30. Qxc1 {[%emt 0:00:05]} Qxd7 {[%emt 0:00:04]} 31. Ne5 {[%emt 0:00:27]} Bxe5 {[%emt 0:00:44]} 32. fxe5 {[%emt 0:00:40]} g5 {[%emt 0:01:57]} 33. Qc5 Kh7 34. Qe7 {[%emt 0:05:17]} Qxe7 {[%emt 0:00:57]} 35. Bxe7 {[%emt 0:00:06]} Kg6 {[%emt 0:00:19]} 1/2-1/2

[Event "35th European Club Cup 2019"]
[Site "Ulcinj"]
[Date "2019.11.10"]
[Round "1.5"]
[White "Percivaldi, Martin"]
[Black "Astrom, Goran"]
[Result "1-0"]
[WhiteElo "2384"]
[BlackElo "2228"]
[Annotator "TA"]
[PlyCount "143"]
[EventDate "2019.11.10"]
[EventType "team-tourn"]
[EventCountry "MNE"]
[SourceTitle "playchess.com"]
[Source "ChessBase"]
[SourceQuality "1"]
[WhiteTeam "Koge SK"]
[BlackTeam "Wasa SK"]

{[%evp 25,143,6,21,11,19,23,19,19,24,17,26,-8,37,0,0,0,0,0,0,0,0,0,27,27,44,44,45,45,73,71,96,45,45,45,45,45,75,75,96,26,67,67,96,75,75,28,96,96,96,75,96,75,102,75,86,70,96,75,75,75,96,96,96,96,96,96,96,94,94,94,96,96,96,96,96,0,96,0,96,96,96,96,96,50,50,50,94,94,94,94,94,94,94,94,94,0,2779,90,506,111,588,572,583,573,527,295,459,262,558,441,816,0,537,0,709,774,757,730,1620,1483]} 1. c4 e6 2. d4 Nf6 3. g3 d5 4. Nf3 Be7 5. Bg2 O-O 6. O-O dxc4 7. Qc2 a6 8. a4 Bd7 9. Rd1 Bc6 10. Nc3 Bxf3 11. Bxf3 Nc6 12. Bxc6 bxc6 13. a5 Qb8 14. Ra4 {E05: Open Catalan: 5 Nf3 Be7} (14. Bg5 Qb3 15. Qxb3 cxb3 16. Ne4 Nxe4 17. Bxe7 Rfe8 18. Ba3 e5 19. Rac1 exd4 20. Rxd4 c5 21. Rd7 Rad8 22. Rxd8 Rxd8 {½-½ (45) Postny,E (2628)-Rozentalis,E (2607) Trieste 2013}) 14... Qb3 15. Qxb3 cxb3 16. Rc4 {[#]The position is equal.} c5 $1 {[%mdl 512]} 17. dxc5 Rfd8 18. Rd3 $146 ({Predecessor:} 18. Rxd8+ Rxd8 19. Rb4 Bxc5 20. Rxb3 h6 21. Kg2 Nd5 {1-0 (58) Haba,P (2445)-Mosesov,D (2282) Pardubice 2018}) 18... c6 19. Be3 Rxd3 20. exd3 Rb8 21. Kf1 Nd5 22. Bd2 Nxc3 23. Bxc3 $11 {[%mdl 4096] Endgame KRB-KRB} Kf8 24. Ke2 Rb5 25. d4 h5 26. Kd3 Bd8 27. Ra4 g5 28. h3 ({White should play} 28. Kc4 $16) 28... g4 $14 29. hxg4 hxg4 30. Kc4 Bg5 31. Ra3 Rb7 32. Bb4 (32. Rxb3 $16 Rxb3 33. Kxb3) 32... f5 33. Rxb3 Ke8 34. Ra3 Rh7 35. Kd3 Rb7 (35... Rh1 $11) 36. Bc3 $16 Bd8 37. Kc2 Bg5 38. Ra4 Bd8 39. Bd2 Bf6 40. Be3 Bd8 41. Ra1 Rh7 42. Kc3 Bf6 43. Kc4 Bd8 44. b3 Bf6 45. Bf4 Bd8 46. Be5 Bg5 47. Kd3 Bd8 48. Ra4 Rb7 49. Kc4 Bg5 50. Bf4 (50. Kc3 $16) 50... Bd8 (50... Bxf4 $11 {keeps the balance.} 51. gxf4 Rh7) 51. Ra1 Rh7 $1 52. Rf1 Rh2 53. b4 Kd7 54. f3 gxf3 55. Rxf3 Rc2+ 56. Kb3 Rh2 57. Rf1 Rh3 58. Kc4 Rh7 59. Rg1 Be7 60. g4 (60. Be5 $16) 60... Rh6 $2 {[%mdl 8192]} (60... Rh4 $11) 61. Be5 $2 (61. Bxh6 $18 fxg4 62. Rxg4) 61... Bd8 $2 {[%mdl 8192]} (61... Rg6 $16) 62. Rg2 $2 (62. gxf5 $18 {is the precise move to win.} exf5 63. Rg7+ Ke8 64. Ra7) 62... fxg4 $2 {[%mdl 8192]} (62... Rg6 $16 {is more resistant.}) 63. Rxg4 $18 Rh7 64. Rg8 Rf7 65. Kd3 Rh7 (65... Rf3+ {might work better.} 66. Kd2 Rf7) 66. Ke2 (66. Kc2 $142) 66... Rf7 $2 (66... Bc7 {is a better defense.} 67. Bxc7 Kxc7) 67. Rh8 Ke7 (67... Bc7 $142 68. Bxc7 Kxc7) 68. Rg8 Kd7 69. Rh8 Ke7 $1 {[#]} 70. b5 $1 {[%mdl 512] White is clearly winning.} cxb5 (70... axb5 71. a6) 71. c6 Bxa5 72. Ra8 {Accuracy: White = 43%, Black = 41%.} 1-0